| 000 | 00349 a2200145 4500 | ||
|---|---|---|---|
| 001 | 177670 | ||
| 020 | _a | ||
| 040 | _cMagnum | ||
| 100 | _aMachado, Ana Maria | ||
| 240 | 1 | 0 |
_aArte para criancas arte popular / a peleja _lpor |
| 245 | 1 | 0 | _aArte para criancas arte popular / a peleja |
| 362 | 0 | _a1899 | |
| 697 | _aMAGNITO: DIDATICO | ||
| 942 | _cBK | ||
| 999 |
_c177670 _d177670 |
||